01013nam a2200277 i 4500001001000000003000900010005001700019008004100036020002500077040004100102082001700143100002600160245007200186264003500258300005800293336002600351336003300377337002800410338002700438650005700465653001700522655001700539942001200556999001700568952015000585020701710EG-ScBUE20230511101252.0220601s2022 stka f 000 0 eng d a9781838852115 (pbk.) aStDuBDSbengerdacStDuBDSdEG-ScBUE04a779222bDYE1 aDyer, Geoff,eauthor.10aSee/saw :blooking at photographs : essays 2010-2020 /cGeoff Dyer. 1aEdinburgh :bCanongate,c2022. a330 pages :billustrations (black and white) ;c20 cm atext2rdacontentbtxt astill image2rdacontentbtxt aunmediated2rdamediabn avolume2rdacarrierbnc 7aPhotography, ArtisticxHistory and criticism.2BUEsh bARTcMay2023 vReading book 2ddccBB c30331d30302 00102ddc40708BaccahaMAINbMAINc2NDd2023-05-11ePurchaseg639.00h37380l0o779 DYEp000044986r2025-07-15 00:00:00v798.15w2023-05-11yBB